000 00764nam a22002177a 4500
999 _c5786
_d5786
003 OSt
005 20251107100447.0
008 251107b ||||| |||| 00| 0 eng d
020 _a9781405267212
040 _cKH8
082 0 4 _a823.92 MCK
100 1 _aMcKay, Hilary
_eauthor
245 1 0 _aTilly and the dragon
_cHilary McKay , illustrated by Kimberley Scott.
264 1 _a1 Nicholas Road ,London W11 4AN
_bEgmont
_c2014
300 _a48 pages
_bcolour illustrations
_c14 cm x 19 cm
520 _aTilly is keeping a dragon in her bedroom!But he can't stau there forever.Can Tilly find him the perfect place to live?
650 0 _aImaginary
_vJuvenile fiction
655 0 _aChildren's stories
700 1 _aScott, Kimberley
_eillustrator
942 _2ddc
_cFIC